|
|
|
|
| LEADER |
01238nam a2200265 a 4500 |
| 001 |
GR-Antirio621 |
| 008 |
090227s2006 ne b 001 0 gre d |
| 020 |
|
|
|a 0126339511
|
| 020 |
|
|
|a 0126339512
|
| 040 |
|
|
|a GrPaTEI
|b gre
|c GR-PaULI
|
| 040 |
|
|
|a GrPaTEI
|b gre
|c GR-PaULI
|
| 040 |
|
|
|a GrPaTEI
|b gre
|c GR-PaULI
|
| 082 |
|
0 |
|a 005.13
|2 22
|
| 100 |
1 |
|
|a Scott, Michael L.
|
| 245 |
1 |
0 |
|a Programming language pragmatics /
|c Scott, Michael L.
|
| 250 |
|
|
|a 2nd ed.
|
| 260 |
|
|
|a Amsterdam , Boston :
|b Morgan Kaufmann Publishers,
|c c 2006
|
| 300 |
|
|
|a xxxi. , 875 σ. :
|b εικ. ;
|c 24 εκ. +
|e 1 cd - rom
|
| 504 |
|
|
|a Περιλαμβάνει βιβλιογραφίες και ευρετήριο.
|
| 650 |
|
0 |
|a PROGRAMMING LANGUAGES
|
| 942 |
|
|
|2 ddc
|
| 952 |
|
|
|0 0
|1 0
|2 ddc
|4 0
|6 005_130000000000000_SCO
|7 0
|9 261822
|a LISK-2
|b LISK-2
|c BSC
|d 2021-01-17
|e 24
|f 0
|g 0.00
|l 0
|o 005.13 SCO
|p 2430000006757
|r 2021-01-17 00:00:00
|t 1
|w 2021-01-17
|y BK15
|x 20090227 0 1
|x GrPaTEI - Antirrio
|
| 952 |
|
|
|0 0
|1 0
|2 ddc
|4 0
|6 005_130000000000000_SCO
|7 0
|9 261823
|a LISK-2
|b LISK-2
|c BSC
|d 2021-01-17
|e 24
|f 0
|g 0.00
|l 0
|o 005.13 SCO
|p 2430000006758
|r 2021-01-17 00:00:00
|t 1
|w 2021-01-17
|y BK15
|x 20090227 0 1
|x GrPaTEI - Antirrio
|
| 971 |
|
|
|a .b25704205
|b 01-10-20
|c 12-09-16
|
| 999 |
|
|
|c 151074
|d 151074
|